Fr. Conceicao Rodrigues College of Engineering

Microcontrollers (Record no. 23060)

MARC details
000 -LEADER
fixed length control field 00283nam a2200133Ia 4500
100 ## - MAIN ENTRY--PERSONAL NAME
Personal name Hintz/K.J/ Tabak/D
245 ## - TITLE STATEMENT
Title Microcontrollers
260 ## - PUBLICATION, DISTRIBUTION, ETC.
Name of publisher, distributor, etc. McGraw Hill
Place of publication, distribution, etc. Singapore
Date of publication, distribution, etc. 1992
300 ## - PHYSICAL DESCRIPTION
Extent 483
546 ## - LANGUAGE NOTE
Language note ENGLISH
654 ## - SUBJECT ADDED ENTRY--FACETED TOPICAL TERMS
Focus term microcontrollers
942 ## - ADDED ENTRY ELEMENTS (KOHA)
Koha item type BOOK
Holdings
Withdrawn status Lost status Damaged status Not for loan Collection Home library Current library Shelving location Date acquired Source of acquisition Cost, normal purchase price Inventory number Total Checkouts Full call number Barcode Date last seen Cost, replacement price Price effective from Koha item type
        CRC Fr. Agnel's C.Rodrigues College of Engineering Fr. Agnel's C.Rodrigues College of Engineering   17/03/2023 Progressive Books 411.00 2076 dt 26.12.92   4110 17/03/2023 411.00 26/12/1992 BOOK
        CRC Fr. Agnel's C.Rodrigues College of Engineering Fr. Agnel's C.Rodrigues College of Engineering   17/03/2023 Progressive Books 411.00 2076 dt 26.12.92   4111 17/03/2023 411.00 26/12/1992 BOOK